000 00755nam a2200205 a 4500
001 BRCA_424
005 20190320203014.0
008 921023s1991 mx-#---##b---#000-0#spa-#
020 _a9688590592
040 _aDLC
_cDLC
050 4 _aN85
_b.E84 1991
245 1 0 _aEl estudio del arte
_c[Coordinador Fernando Delmar].
260 _a[México]
_bUniversidad Iberoamericana, Departamento de Arte
_c[1991]
300 _a84 p.
_c22 cm.
500 _aMemorias del foro ´El estudio del arte y sus posibilidades actuales´. Universidad Iberoamericana (Ciudad de México), febrero 1990
504 _aBibliografía : p. 73-74
650 1 4 _aArte
_vDiscursos, ensayos y conferencias
_xEstudio y enseñanza
_91446
700 1 _aDelmar, Fernando
_91447
942 _2lcc
_cB
999 _c359
_d359